International relations: Theories and approaches (Record no. 314335)

MARC details
000 -LEADER
fixed length control field 00512nam a22001817a 4500
005 - DATE & TIME
control field 20240315150433.0
008 - FIXED-LENGTH DATA ELEMENTS--GENERAL INFORMATION
fixed length control field 240315b |||||||| |||| 00| 0 eng d
020 ## - ISBN
International Standard Book Number 9789391370992
Price Rs. 795.00
040 ## - CATALOGING SOURCE
Original cataloging agency VIVEKANANDA LIBRARY
082 ## - DDC NUMBER
Classification number 327.101
Book Number M896I
100 ## - MAIN ENTRY--PERSONAL NAME
Personal name Mukhopadhyay, Amartya
245 ## - TITLE STATEMENT
Title International relations: Theories and approaches
260 ## - PUBLICATION, DISTRIBUTION, ETC. (IMPRINT)
Place of publication, distribution, etc New Delhi
Name of publisher, distributor, etc Sage Publications India
Date of publication, distribution, etc 2021
300 ## - PHYSICAL DESCRIPTION
Pages xxvi, 519
650 ## - Subject
Subject International Relations
650 ## - Subject
Subject Political Science
942 ## - ADDED ENTRY ELEMENTS (KOHA)
Koha item type Books
Holdings
Withdrawn status Lost status Source of classification or shelving scheme Damaged status Not for loan Location (home branch) Sublocation or collection (holding branch) Date acquired Koha issues (times borrowed) Koha full call number Accession No. Koha date last seen Koha item type
    Dewey Decimal Classification     VIVEKANANDA LIBRARY VIVEKANANDA LIBRARY 15/03/2024   327.101 M896I 404484 15/03/2024 Books
© Designed and Maintained by Vivekananda Library, MDU Rohtak